000 00249nam a2200097Ia 4500
008 230915s9999 xx 000 0 und d
050 _aSB 484 .B 38 2005
100 _aIGOR,BYSHNYOV
245 0 _aAMONG DENSE FORESTS AND BOGS OF BELARUS
942 _cBK
999 _c201884
_d201884